00480nam a2200157 a 450000100100000000500170001000800410002704000250006808200150009310000220010824500780013026000350020830000370024350000210028070000210030100002305420200930021946.0101125s1975 ag r 000 | spa d aDO-SdBNPbspacBNPHU axxxbC854i1 aCouger, J. Daniel10aIntroducción al lenguaje FORTRAN /cJ. Daniel Couger, Loren E. Shannon. aBuenos Aires :b[s.n.],c1975. axiii, 158 p. ; :bil. , ;c1975. aIncluye glosario1 aShannon, Loren E